000 00814nam a22002177a 4500
999 _c20308
_d20308
003 AR-CdUCM
008 190528b ||||| |||| 00| 0 spa d
040 _aMUNICIPALIDAD PROVINCIAL DEL CUSCO
_cBIBLIOTECA MUNICIPAL DEL CUSCO
082 _a334 /
_bM12
100 _aMcGrath, Mary Jean.
_942449
245 _aCooperativas prósperas :
_bPrácticas y procedimientos /
260 _aMexico :
_bCentro Regional de Ayuda Técnica,
_c1971.
300 _a220 páginas ;
_c22 cm.
505 _aContenido Estructura y organización de las cooperativas -- La financiación de las cooperativas -- La gerencia cooperativa...
650 _aCooperativas
_94787
650 _aMercadeo
_922280
650 _aCompras
_942450
700 _aSuescún, Nicolás (traductor)
_942451
942 _2ddc
_cLIBROS
945 _aJavier